| 000 | 00417nam a2200145 4500 | ||
|---|---|---|---|
| 999 |
_c9505 _d9505 |
||
| 003 | OSt | ||
| 005 | 20210630104507.0 | ||
| 008 | 210630b ||||| |||| 00| 0 eng d | ||
| 020 | _a9780470635056 | ||
| 082 |
_a712 _bBOO |
||
| 100 | _aBooth, Norman K. | ||
| 245 | _aFoundations of landscape architecture : integrating form and space using the language of site design | ||
| 260 |
_aNew jersey _bWiley _c2012 |
||
| 942 | _2ddc | ||